Biggest Cities in the Fatimid Caliphate with a Map - Statistics

General Stats
  • This quiz has been taken 353 times
  • The average score is 14 of 36
Answers on the Map
Answers color-coded by a green-red scale on the quiz's map according to % correct below.
 
Answer Stats
Population City % Correct
135k Fustat / Cairo
99%
60k Bayt al-Maqdis (Jerusalem)
96%
15k Tunis
96%
35k Alexandria
94%
75k Balarm (Palermo)
90%
35k Mecca
90%
50k Damascus
86%
10k Algiers
85%
12k Tripoli
82%
10k Tripoli
82%
30k Fez
78%
10k Sfax
56%
20k Constantine
52%
20k Damietta
48%
15k Acre
46%
15k Sousse
41%
80k Kairouan
38%
15k Rosetta
24%
15k Faiyum
20%
15k Gabès
19%
10k Monastir
17%
35k Mahdia
16%
12k Tiberias
16%
80k Tinnis
16%
45k Qus
11%
25k Ramla
8%
20k Sijilmasa
8%
10k Damanhur
6%
18k El Mahalla El Kubra
6%
10k Tahert
6%
20k Al-Bahnasa
2%
10k Basra al-Hamra
2%
11k Bilbeis
2%
15k Mansouria
2%
10k Minuf al-Ulyah (Menouf)
1%
15k Achir
0%
No matching quizzes found
Score Distribution
Percent of People with Each Score
Percentile by Number Answered
Your Score History
You have not taken this quiz